000 00724nas a2200241 4500
001 BR9405018
003 BR-BrBNA
005 20231205093638.0
007 ta
008 230509b bl.|||p| |||| 00| 00por d
040 _aBR-BrBNA
_bpor
_cBiblioteca Nacional de Agricultura
041 _a(Pt)
072 _aF04
100 1 _aSalgado, L.T.
100 1 _aVieira, R.F.
245 1 _aMicronutrientes na cultura do feijao
650 _aFeijao
650 _aMacroelemento
650 _aFertilizante
773 0 _tInforme Agropecuario - Empresa de Pesquisa Agropecuaria de Minas Gerais (Brazil)
_xISSN 0100-3364
_g(1994), v. 17(178) p. 11-19
_wBR9405018
909 _a202311
_bLúcia
_c55
_dLúcia Elande
942 _2AGRIS
_n0
_cANA
999 _c139644
_d139644